000 00317nam a22001337a 4500
008 210311b ||||| |||| 00| 0 eng d
041 _aeng
080 _a82
082 _a82
100 _a21
101 _aGJL
245 _aIntegrating Language Arts Through Literature & Thematic Units
_cRoe,B.D
942 _2udc
_cBK
999 _c56351
_d56351